000 00672nam a22002177a 4500
003 UA-OsUOA
001 39040
007 ta
008 20060606b un ||||| |||| 00| 0 ukr d
100 _aЛивитт Гай П.
090 _a23/28(083.97)
_bЛ55
942 _cBK
040 _aUA-OsUOA
_brus
_cUA-OsUOA
_dUA-OsUOA
245 _aУспешное преподавание
_bЕвангельская програма для учителей воскресных школ
300 _a256 с.
955 _a2
041 _arus
080 _a23/28(083.97)
650 7 _a23/28 Християнство. Християнська релігія
_2UDC
999 _c325180
_d325180